000 nam a22 7a 4500
999 _c7420
_d7420
008 170829b xxu||||| |||| 00| 0 eng d
100 _93946
_aAggarwal.K.etal.
245 _aEnglish course with Activities-3
260 _aNew Delhi
_bBlackie
_c2016